00669nam a22001337a 4500008004100000020001500041082002000056100002700076245009900103260023600202300001800438440002100456650005800477180829b xxu||||| |||| 00| 0 eng d a9709703587 a709.72bSCH354a aSchmilchuck, Graciela  aArte contemporáneo mexicano en el mundo. MEXartes.de: expectativas, imaginarios, recepción aMéxicobInstituto Nacional de Bellas Artes y LiteraturabCentro Nacional de las ArtesbCentro Nacional de Investigación, Documentación e Información de Artes Plásticas (CENIDIAP)bEstampa Artes Gráficas S.A de C.Vc2012 a19 p.c21 cm. aEnsayos Abrevian 2Arte contemporáneoxArte - ensayoszArte - México